The Ethical Hack (Record no. 13906)

MARC details
000 -LEADER
fixed length control field 00386nam a22001697a 4500
003 - CONTROL NUMBER IDENTIFIER
control field OSt
008 - FIXED-LENGTH DATA ELEMENTS--GENERAL INFORMATION
fixed length control field 260414b |||||||| |||| 00| 0 eng d
020 ## - INTERNATIONAL STANDARD BOOK NUMBER
International Standard Book Number 9781032459066
082 ## - DEWEY DECIMAL CLASSIFICATION NUMBER
Classification number 005.8 TIE
100 ## - MAIN ENTRY--PERSONAL NAME
Personal name TILLER,James S
245 ## - TITLE STATEMENT
Title The Ethical Hack
250 ## - EDITION STATEMENT
Edition statement 1st Ed.
260 ## - PUBLICATION, DISTRIBUTION, ETC. (IMPRINT)
Place of publication, distribution, etc New Delhi
Name of publisher, distributor, etc CRC Press
Date of publication, distribution, etc 2025
300 ## - PHYSICAL DESCRIPTION
Extent 322p
942 ## - ADDED ENTRY ELEMENTS (KOHA)
Source of classification or shelving scheme Dewey Decimal Classification
Koha item type Reference Books
Holdings
Withdrawn status Lost status Source of classification or shelving scheme Damaged status Not for loan Collection code Home library Current library Date acquired Source of acquisition Currency Cost, normal purchase price Bill Number Total Checkouts Full call number Acc. no. / Barcode Date last seen Actual Cost, discounted price Bill Date Koha item type Public note
    Dewey Decimal Classification     Computer Science & Engineering in Cyber Security PIET C-LIBRARY PIET C-LIBRARY 06/04/2026 Pritam Publications INR 1495.00 755   005.8 TIE 39996 14/04/2026 1047.00 06/04/2026 Reference Books Decentrilization

Design & Developed by: PIET Central Library
R70 Miles Stone Pattikalyana Samalkha Panipat 132102
mail ID :- [email protected], Phone No:- 0180-2569700 Ex.216